000 00780nas a2200253 4500
001 BR0201646
003 BR-BrBNA
005 20231205102828.0
007 ta
008 230509b bl.|||p| |||| 00| 00por d
040 _aBR-BrBNA
_bpor
_cBiblioteca Nacional de Agricultura
041 _a(En)
072 _aH10
100 1 _aVentura, M.U.
100 1 _aPanizzi, A.R.
245 1 _aOviposition Behavior of Neomegalotomus parvus (West.)(Hemiptera: Alydidae): daily rhythm and site choice
650 _aGuandu
650 _aHemiptera
650 _aPostura
650 _aVagem
773 0 _tAnais da Sociedade Entomologica do Brasil (Brazil)
_xISSN 0301-8059
_g(Sep 2000), v. 29(3) p. 391-400
_wBR0201646
909 _a202311
_bLúcia
_c55
_dLúcia Elande
942 _2AGRIS
_n0
_cANA
999 _c169557
_d169557